[Event "Deutsche Ländermeisterschaft 2017"]
[Site "Hannover GER"]
[Date "2017.10.01"]
[Round "3"]
[White "Schnabel, Luise"]
[Black "Reitz, Theresa"]
[Result "0-1"]
[Termination "normal"]
[Board "2.7"]
[WhiteElo "1672"]
[BlackElo "1730"]
[WhiteClock "00:22:57"]
[BlackClock "00:31:42"]
[WhiteTeam "Berlin"]
[BlackTeam "Rheinland-Pfalz"]
[PlyCount "102"]
[WhiteFideId "12943347"]
[BlackFideId "12971901"]
[EventCountry "GER"]
[EventRounds "7"]
[EventType "team-swiss"]
[EventDate "2017.09.29"]

1. e4 {[%clk 1:30:56]} c5 {[%clk 1:30:52]} 2. Nf3 {[%clk 1:31:20]} e6 {[%clk
1:31:17]} 3. b3 {[%clk 1:31:43]} a6 {[%clk 1:28:42]} 4. Bb2 {[%clk 1:31:23]} b5
{[%clk 1:26:04]} 5. d4 {[%clk 1:28:29]} cxd4 {[%clk 1:24:10]} 6. Nxd4 {[%clk
1:28:44]} Bb7 {[%clk 1:22:58]} 7. f3 {[%clk 1:22:10]} Qc7 {[%clk 1:16:04]} 8.
Be2 {[%clk 1:16:06]} Bb4+ {[%clk 1:05:02]} 9. Nd2 {[%clk 1:14:54]} Bc3 {[%clk
0:56:42]} 10. Bxc3 {[%clk 0:47:18]} Qxc3 {[%clk 0:56:57]} 11. Nxb5 {[%clk
0:45:12]} axb5 {[%clk 0:57:17]} 12. Bxb5 {[%clk 0:45:27]} Qc5 {[%clk 0:51:56]}
13. a4 {[%clk 0:43:18]} Ne7 {[%clk 0:49:49]} 14. Nc4 {[%clk 0:41:13]} O-O
{[%clk 0:47:57]} 15. Qd6 {[%clk 0:37:24]} Qxd6 {[%clk 0:44:51]} 16. Nxd6 Ba6
{[%clk 0:43:33]} 17. Kf2 {[%clk 0:35:44]} Nbc6 18. Rhd1 {[%clk 0:34:42]} Bxb5
{[%clk 0:39:28]} 19. axb5 {[%clk 0:31:32]} Rxa1 {[%clk 0:39:44]} 20. Rxa1
{[%clk 0:31:32]} Nd4 {[%clk 0:39:29]} 21. c4 {[%clk 0:27:20]} Nxb3 {[%clk
0:34:33]} 22. Ra7 {[%clk 0:21:52]} g6 {[%clk 0:26:52]} 23. Rxd7 {[%clk
0:21:52]} Nc8 {[%clk 0:25:37]} 24. e5 {[%clk 0:20:34]} Nb6 {[%clk 0:21:25]} 25.
Rb7 {[%clk 0:20:06]} Na8 {[%clk 0:21:02]} 26. Ke3 {[%clk 0:18:46]} f6 {[%clk
0:14:46]} 27. Re7 {[%clk 0:12:41]} fxe5 {[%clk 0:09:28]} 28. Rxe6 {[%clk
0:10:53]} Rd8 {[%clk 0:08:31]} 29. Rxe5 {[%clk 0:03:59]} Nb6 {[%clk 0:08:22]}
30. c5 {[%clk 0:02:42]} Nxc5 {[%clk 0:08:27]} 31. Rxc5 {[%clk 0:02:40]} Rxd6
{[%clk 0:08:49]} 32. Ke4 {[%clk 0:01:32]} Kf7 {[%clk 0:09:15]} 33. Rc6 {[%clk
0:01:02]} Rxc6 {[%clk 0:07:29]} 34. bxc6 {[%clk 0:01:29]} Ke6 {[%clk 0:07:58]}
35. Kf4 {[%clk 0:01:17]} h6 {[%clk 0:08:14]} 36. g4 {[%clk 0:01:12]} Kd6 {[%clk
0:04:50]} 37. c7 {[%clk 0:00:58]} Nd5+ {[%clk 0:04:26]} 38. Kg3 {[%clk
0:00:46]} Nxc7 {[%clk 0:04:50]} 39. f4 {[%clk 0:00:55]} Ke6 {[%clk 0:04:46]}
40. h4 {[%clk 0:00:58]} h5 {[%clk 0:01:44]} 41. f5+ {[%clk 0:23:21]} gxf5
{[%clk 0:31:47]} 42. gxf5+ {[%clk 0:20:15]} Kxf5 {[%clk 0:30:55]} 43. Kf3
{[%clk 0:20:34]} Ne6 {[%clk 0:30:38]} 44. Kg3 {[%clk 0:20:41]} Ke4 {[%clk
0:30:56]} 45. Kg2 {[%clk 0:20:39]} Kf4 {[%clk 0:31:11]} 46. Kh3 {[%clk
0:21:01]} Kf3 {[%clk 0:31:30]} 47. Kh2 {[%clk 0:21:28]} Kg4 {[%clk 0:31:54]}
48. Kg2 {[%clk 0:21:54]} Kxh4 {[%clk 0:32:20]} 49. Kh2 {[%clk 0:22:16]} Nf4
{[%clk 0:32:18]} 50. Kh1 {[%clk 0:22:35]} Kh3 {[%clk 0:32:03]} 51. Kg1 {[%clk
0:22:57]} Nd3 {[%clk 0:31:42]} 0-1

[Event "Deutsche Ländermeisterschaft 2017"]
[Site "Hannover GER"]
[Date "2017.10.01"]
[Round "3"]
[White "Kalina, Lena"]
[Black "Zhou, Lepu Coco"]
[Result "0-1"]
[Termination "normal"]
[Board "2.8"]
[WhiteElo "1402"]
[BlackElo "1585"]
[WhiteClock "00:24:33"]
[BlackClock "01:06:20"]
[WhiteTeam "Rheinland-Pfalz"]
[BlackTeam "Berlin"]
[PlyCount "76"]
[WhiteFideId "12988014"]
[BlackFideId "16217136"]
[EventCountry "GER"]
[EventRounds "7"]
[EventType "team-swiss"]
[EventDate "2017.09.29"]

1. d4 {[%clk 1:30:58]} Nf6 {[%clk 1:30:52]} 2. c4 {[%clk 1:31:11]} c5 {[%clk
1:31:15]} 3. d5 {[%clk 1:31:16]} b5 {[%clk 1:31:30]} 4. cxb5 {[%clk 1:31:04]}
a6 {[%clk 1:31:50]} 5. b6 {[%clk 1:31:21]} Qxb6 {[%clk 1:31:09]} 6. Nc3 {[%clk
1:30:21]} g6 {[%clk 1:31:05]} 7. e4 {[%clk 1:28:22]} d6 {[%clk 1:31:19]} 8. Nf3
{[%clk 1:27:26]} Bg7 {[%clk 1:30:46]} 9. Be2 {[%clk 1:26:22]} O-O {[%clk
1:31:02]} 10. O-O {[%clk 1:25:37]} Nbd7 {[%clk 1:29:44]} 11. a4 {[%clk
1:21:35]} Ng4 {[%clk 1:25:06]} 12. Nd2 {[%clk 1:18:44]} Nge5 {[%clk 1:24:42]}
13. f4 {[%clk 1:17:40]} c4+ {[%clk 1:23:30]} 14. Kh1 {[%clk 1:17:19]} Nd3
{[%clk 1:23:35]} 15. Bxd3 {[%clk 1:16:06]} cxd3 {[%clk 1:23:22]} 16. Nf3 {[%clk
1:12:57]} Nc5 {[%clk 1:20:17]} 17. Re1 {[%clk 1:07:48]} Bg4 {[%clk 1:17:01]}
18. h3 {[%clk 1:05:09]} Bxf3 {[%clk 1:17:15]} 19. Qxf3 {[%clk 1:05:01]} Nb3
{[%clk 1:17:15]} 20. Rb1 {[%clk 1:01:04]} d2 {[%clk 1:17:30]} 21. Bxd2 {[%clk
0:55:45]} Nxd2 {[%clk 1:17:44]} 22. Qd3 {[%clk 0:55:05]} Nxb1 {[%clk 1:17:30]}
23. Rxb1 {[%clk 0:54:56]} Qd4 {[%clk 1:15:53]} 24. Qf1 {[%clk 0:52:17]} Rfc8
{[%clk 1:13:14]} 25. Qe1 {[%clk 0:49:35]} Qb4 {[%clk 1:12:19]} 26. Kh2 {[%clk
0:42:32]} Bxc3 {[%clk 1:11:45]} 27. bxc3 {[%clk 0:42:11]} Qxc3 {[%clk 1:12:04]}
28. Qg1 {[%clk 0:38:45]} Qc4 {[%clk 1:10:48]} 29. Qe1 {[%clk 0:37:33]} Qxa4
{[%clk 1:10:32]} 30. Ra1 {[%clk 0:36:18]} Qc4 {[%clk 1:10:08]} 31. Qe3 {[%clk
0:33:23]} Qc3 {[%clk 1:09:40]} 32. Qg1 {[%clk 0:33:31]} a5 {[%clk 1:09:12]} 33.
Rb1 {[%clk 0:31:04]} a4 {[%clk 1:07:49]} 34. Ra1 {[%clk 0:29:22]} a3 {[%clk
1:07:44]} 35. Rb1 {[%clk 0:27:22]} a2 {[%clk 1:07:11]} 36. Ra1 {[%clk 0:27:38]}
Rcb8 {[%clk 1:06:00]} 37. Rc1 {[%clk 0:25:07]} a1=Q {[%clk 1:06:05]} 38. Rxc3
{[%clk 0:24:33]} Qxc3 {[%clk 1:06:20]} 0-1

[Event "Deutsche Ländermeisterschaft 2017"]
[Site "Hannover GER"]
[Date "2017.10.01"]
[Round "3"]
[White "Richter, Leonard"]
[Black "Bethke, Richard"]
[Result "0-1"]
[Termination "normal"]
[Board "3.1"]
[WhiteElo "2268"]
[BlackElo "2153"]
[WhiteClock "00:22:56"]
[BlackClock "01:24:24"]
[WhiteTeam "Sachsen"]
[BlackTeam "Hessen"]
[PlyCount "98"]
[WhiteFideId "12900290"]
[BlackFideId "12959243"]
[EventCountry "GER"]
[EventRounds "7"]
[EventType "team-swiss"]
[EventDate "2017.09.29"]

1. e4 {[%clk 1:30:58]} c5 {[%clk 1:30:57]} 2. Nf3 {[%clk 1:31:17]} d6 {[%clk
1:31:24]} 3. d4 {[%clk 1:31:39]} cxd4 {[%clk 1:31:50]} 4. Nxd4 {[%clk 1:32:03]}
Nf6 {[%clk 1:32:16]} 5. Nc3 {[%clk 1:32:27]} a6 {[%clk 1:32:44]} 6. Bg5 {[%clk
1:32:46]} Nbd7 {[%clk 1:33:12]} 7. f4 {[%clk 1:29:29]} Qc7 {[%clk 1:33:31]} 8.
Qf3 {[%clk 1:26:41]} h6 {[%clk 1:33:43]} 9. Bh4 {[%clk 1:17:45]} g5 {[%clk
1:34:07]} 10. fxg5 {[%clk 1:15:44]} hxg5 {[%clk 1:34:32]} 11. Bxg5 {[%clk
1:13:32]} Qc5 {[%clk 1:34:59]} 12. Nf5 {[%clk 0:56:14]} e6 {[%clk 1:35:21]} 13.
Bxf6 {[%clk 0:46:18]} Nxf6 {[%clk 1:35:46]} 14. Ne3 {[%clk 0:36:54]} Nd7 {[%clk
1:21:13]} 15. Ng4 {[%clk 0:31:12]} Qg5 {[%clk 1:19:18]} 16. Be2 {[%clk
0:27:35]} Bg7 {[%clk 1:17:12]} 17. O-O {[%clk 0:25:10]} Bd4+ {[%clk 1:11:03]}
18. Kh1 {[%clk 0:24:14]} Ne5 {[%clk 1:11:10]} 19. Nxe5 {[%clk 0:18:08]} Bxe5
{[%clk 1:11:35]} 20. h3 {[%clk 0:18:10]} Qg7 {[%clk 1:08:48]} 21. Na4 {[%clk
0:12:07]} b5 {[%clk 1:07:51]} 22. Nb6 {[%clk 0:12:13]} Rb8 23. Nxc8 {[%clk
0:12:24]} Rxc8 {[%clk 1:07:01]} 24. c3 {[%clk 0:12:27]} Ke7 {[%clk 1:06:28]}
25. Qf2 {[%clk 0:07:53]} Qg3 {[%clk 1:04:40]} 26. Qxg3 {[%clk 0:08:13]} Bxg3
{[%clk 1:05:04]} 27. a4 {[%clk 0:08:12]} Rc7 {[%clk 0:59:57]} 28. axb5 {[%clk
0:08:07]} axb5 {[%clk 1:00:21]} 29. Bxb5 {[%clk 0:08:29]} Rb8 {[%clk 1:00:43]}
30. c4 {[%clk 0:08:03]} Be5 {[%clk 0:59:51]} 31. Ra2 {[%clk 0:06:47]} d5 {[%clk
1:00:13]} 32. exd5 {[%clk 0:06:37]} exd5 {[%clk 1:00:37]} 33. b3 {[%clk
0:06:14]} d4 {[%clk 1:00:59]} 34. Rf3 {[%clk 0:03:58]} Rxb5 {[%clk 1:01:17]}
35. g4 {[%clk 0:03:00]} Rb6 {[%clk 1:00:40]} 36. Ra5 {[%clk 0:02:32]} f6 {[%clk
0:59:54]} 37. g5 {[%clk 0:02:41]} Rd7 {[%clk 0:58:43]} 38. gxf6+ {[%clk
0:01:05]} Bxf6 {[%clk 0:58:58]} 39. Rd3 {[%clk 0:01:26]} Rdb7 {[%clk 0:58:40]}
40. Ra3 {[%clk 0:00:51]} Ke6 41. Kg2 {[%clk 0:29:37]} Be5 {[%clk 1:25:50]} 42.
Rf3 {[%clk 0:25:20]} Bd6 {[%clk 1:25:15]} 43. Ra2 {[%clk 0:23:18]} Rxb3 {[%clk
1:25:30]} 44. Re2+ {[%clk 0:23:11]} Kd7 {[%clk 1:24:31]} 45. Rd2 {[%clk
0:22:29]} Be5 {[%clk 1:24:13]} 46. Rfd3 {[%clk 0:21:55]} Kd6 {[%clk 1:23:39]}
47. Kf3 {[%clk 0:22:06]} Rf7+ {[%clk 1:23:37]} 48. Kg4 {[%clk 0:22:30]} Rxd3
{[%clk 1:23:59]} 49. Rxd3 {[%clk 0:22:56]} Kc5 {[%clk 1:24:24]} 0-1

[Event "Deutsche Ländermeisterschaft 2017"]
[Site "Hannover GER"]
[Date "2017.10.01"]
[Round "3"]
[White "Weber, Samuel"]
[Black "Urban, Konstantin"]
[Result "1/2-1/2"]
[Termination "normal"]
[Board "3.2"]
[WhiteElo "2240"]
[BlackElo "2303"]
[WhiteClock "00:09:08"]
[BlackClock "00:16:59"]
[WhiteTeam "Hessen"]
[BlackTeam "Sachsen"]
[PlyCount "61"]
[WhiteFideId "12924008"]
[BlackFideId "12927511"]
[EventCountry "GER"]
[EventRounds "7"]
[EventType "team-swiss"]
[EventDate "2017.09.29"]

1. e4 {[%clk 1:30:58]} c6 {[%clk 1:30:52]} 2. d3 {[%clk 1:30:57]} d5 {[%clk
1:31:14]} 3. Nd2 {[%clk 1:31:05]} e5 {[%clk 1:31:27]} 4. Ngf3 {[%clk 1:30:31]}
Bd6 {[%clk 1:31:42]} 5. g3 {[%clk 1:30:22]} Nf6 {[%clk 1:32:03]} 6. Bg2 {[%clk
1:30:36]} O-O {[%clk 1:32:21]} 7. O-O {[%clk 1:30:33]} Re8 {[%clk 1:32:27]} 8.
h3 {[%clk 1:27:43]} Nbd7 {[%clk 1:30:33]} 9. Re1 {[%clk 1:24:23]} Nf8 {[%clk
1:25:02]} 10. b3 {[%clk 1:20:46]} Qc7 {[%clk 1:22:10]} 11. Bb2 {[%clk 1:18:58]}
a5 {[%clk 1:17:18]} 12. a4 {[%clk 1:16:31]} Bd7 {[%clk 1:07:27]} 13. Nh4 {[%clk
1:09:58]} dxe4 {[%clk 1:00:30]} 14. dxe4 {[%clk 1:04:35]} Bb4 {[%clk 0:58:38]}
15. Qe2 {[%clk 1:01:09]} Rad8 {[%clk 0:56:14]} 16. Red1 {[%clk 0:58:11]} Be6
{[%clk 0:53:10]} 17. Ndf3 {[%clk 0:46:02]} N6d7 {[%clk 0:50:37]} 18. Ng5 {[%clk
0:43:35]} f6 {[%clk 0:50:16]} 19. Nxe6 {[%clk 0:42:56]} Nxe6 {[%clk 0:50:40]}
20. Bf1 {[%clk 0:41:40]} Ndf8 {[%clk 0:46:07]} 21. Qg4 {[%clk 0:38:26]} Rxd1
{[%clk 0:39:07]} 22. Rxd1 {[%clk 0:38:18]} Kh8 {[%clk 0:30:29]} 23. Bc4 {[%clk
0:36:27]} Bc5 {[%clk 0:29:50]} 24. Qh5 {[%clk 0:28:02]} Rd8 {[%clk 0:26:18]}
25. Ng6+ {[%clk 0:20:00]} Nxg6 {[%clk 0:26:34]} 26. Bxe6 {[%clk 0:20:25]} Rd6
{[%clk 0:20:22]} 27. Bc4 {[%clk 0:15:30]} Qd8 {[%clk 0:18:49]} 28. Rd3 {[%clk
0:13:13]} Rxd3 {[%clk 0:18:17]} 29. Bxd3 {[%clk 0:11:17]} Qd7 {[%clk 0:17:22]}
30. Bc3 {[%clk 0:10:25]} b6 {[%clk 0:16:59]} 31. Kg2 {[%clk 0:09:08]} 1/2-1/2

[Event "Deutsche Ländermeisterschaft 2017"]
[Site "Hannover GER"]
[Date "2017.10.01"]
[Round "3"]
[White "Zienert, Richard"]
[Black "Stork, Oliver"]
[Result "1-0"]
[Termination "normal"]
[Board "3.3"]
[WhiteElo "2293"]
[BlackElo "2175"]
[WhiteClock "00:54:28"]
[BlackClock "00:29:36"]
[WhiteTeam "Sachsen"]
[BlackTeam "Hessen"]
[PlyCount "47"]
[WhiteFideId "12945986"]
[BlackFideId "12955728"]
[EventCountry "GER"]
[EventRounds "7"]
[EventType "team-swiss"]
[EventDate "2017.09.29"]

1. e4 {[%clk 1:30:58]} c6 {[%clk 1:30:53]} 2. d4 {[%clk 1:31:25]} d5 {[%clk
1:31:17]} 3. Nd2 {[%clk 1:31:40]} dxe4 {[%clk 1:31:41]} 4. Nxe4 {[%clk
1:32:06]} Bf5 {[%clk 1:32:03]} 5. Ng3 {[%clk 1:32:33]} Bg6 {[%clk 1:32:27]} 6.
h4 {[%clk 1:32:59]} h6 {[%clk 1:32:52]} 7. Nf3 {[%clk 1:33:25]} Nd7 {[%clk
1:33:15]} 8. h5 {[%clk 1:33:50]} Bh7 {[%clk 1:33:40]} 9. Bd3 {[%clk 1:34:16]}
Bxd3 {[%clk 1:34:06]} 10. Qxd3 {[%clk 1:34:42]} e6 {[%clk 1:34:28]} 11. Bd2
{[%clk 1:34:59]} Ngf6 {[%clk 1:34:51]} 12. O-O-O {[%clk 1:35:22]} Be7 {[%clk
1:35:15]} 13. Kb1 {[%clk 1:35:48]} Qb6 {[%clk 1:35:31]} 14. Ne4 {[%clk
1:29:14]} Rd8 {[%clk 1:35:27]} 15. Bc1 {[%clk 1:21:42]} c5 {[%clk 1:32:31]} 16.
Nxf6+ {[%clk 1:21:17]} Nxf6 {[%clk 1:31:04]} 17. dxc5 {[%clk 1:17:30]} Qxc5
{[%clk 1:19:14]} 18. Qb3 {[%clk 1:16:31]} O-O {[%clk 1:16:22]} 19. Be3 {[%clk
1:16:50]} Qxh5 {[%clk 1:09:15]} 20. Qxb7 {[%clk 1:05:46]} Bc5 {[%clk 0:52:14]}
21. Rxh5 {[%clk 0:58:35]} Rxd1+ {[%clk 0:52:01]} 22. Bc1 {[%clk 0:59:00]} Nxh5
{[%clk 0:52:20]} 23. Ne5 {[%clk 0:59:21]} Nf6 {[%clk 0:29:36]} 24. Nd3 {[%clk
0:54:28]} *

[Event "Deutsche Ländermeisterschaft 2017"]
[Site "Hannover GER"]
[Date "2017.10.01"]
[Round "3"]
[White "Neukirchner, Pascal"]
[Black "Nguyen, Alex Dac-Vuong"]
[Result "0-1"]
[Termination "normal"]
[Board "3.4"]
[WhiteElo "2123"]
[BlackElo "2131"]
[WhiteClock "00:24:02"]
[BlackClock "01:10:54"]
[WhiteTeam "Hessen"]
[BlackTeam "Sachsen"]
[PlyCount "70"]
[WhiteFideId "12997927"]
[BlackFideId "12984388"]
[EventCountry "GER"]
[EventRounds "7"]
[EventType "team-swiss"]
[EventDate "2017.09.29"]

1. d4 {[%clk 1:30:56]} Nf6 {[%clk 1:30:55]} 2. c4 {[%clk 1:31:01]} c5 {[%clk
1:31:16]} 3. d5 {[%clk 1:31:14]} b5 {[%clk 1:31:40]} 4. cxb5 {[%clk 1:31:15]}
a6 {[%clk 1:32:03]} 5. bxa6 {[%clk 1:31:37]} g6 {[%clk 1:32:27]} 6. Nc3 {[%clk
1:31:57]} Bg7 {[%clk 1:32:51]} 7. e4 {[%clk 1:31:17]} O-O {[%clk 1:31:51]} 8.
Nf3 {[%clk 1:28:52]} Qa5 {[%clk 1:31:16]} 9. Nd2 {[%clk 1:22:28]} Bxa6 {[%clk
1:29:49]} 10. Be2 {[%clk 1:18:21]} e6 {[%clk 1:28:21]} 11. O-O {[%clk 1:15:31]}
Bxe2 {[%clk 1:28:10]} 12. Qxe2 {[%clk 1:14:32]} Qa6 {[%clk 1:28:28]} 13. Qxa6
{[%clk 1:01:51]} Nxa6 {[%clk 1:28:53]} 14. Nc4 {[%clk 0:57:09]} Rfb8 {[%clk
1:26:31]} 15. f3 {[%clk 0:49:39]} Rb4 {[%clk 1:23:53]} 16. Ne3 {[%clk 0:45:46]}
Ne8 {[%clk 1:20:06]} 17. Nc2 {[%clk 0:43:46]} Rb7 {[%clk 1:19:25]} 18. a4
{[%clk 0:42:19]} Nb4 {[%clk 1:15:53]} 19. Na3 {[%clk 0:39:38]} Bd4+ {[%clk
1:15:13]} 20. Kh1 {[%clk 0:40:02]} Nd6 {[%clk 1:13:22]} 21. Bf4 {[%clk
0:39:24]} e5 {[%clk 1:13:32]} 22. Bd2 {[%clk 0:39:53]} Nd3 {[%clk 1:13:06]} 23.
Ncb5 {[%clk 0:35:48]} Nxb5 {[%clk 1:11:53]} 24. Nxb5 {[%clk 0:36:17]} Nf2+
{[%clk 1:12:00]} 25. Rxf2 {[%clk 0:35:05]} Bxf2 {[%clk 1:12:18]} 26. Ra3 {[%clk
0:33:40]} c4 {[%clk 1:11:14]} 27. Bb4 {[%clk 0:25:15]} Bd4 {[%clk 1:11:30]} 28.
Bc3 {[%clk 0:24:02]} Rxb5 {[%clk 1:09:37]} 29. axb5 {[%clk 0:21:27]} Rxa3
{[%clk 1:09:35]} 30. bxa3 {[%clk 0:21:55]} Bxc3 {[%clk 1:09:51]} 31. Kg1 {[%clk
0:22:23]} Kf8 {[%clk 1:10:02]} 32. Kf2 {[%clk 0:22:42]} Ke7 {[%clk 1:10:26]}
33. Ke2 {[%clk 0:23:06]} Kd6 {[%clk 1:10:14]} 34. Kd1 {[%clk 0:23:33]} Kc5
{[%clk 1:10:35]} 35. Kc2 {[%clk 0:24:02]} Bd4 {[%clk 1:10:54]} 0-1

[Event "Deutsche Ländermeisterschaft 2017"]
[Site "Hannover GER"]
[Date "2017.10.01"]
[Round "3"]
[White "Lutz, Ruben"]
[Black "Krastev, Alexander"]
[Result "1/2-1/2"]
[Termination "normal"]
[Board "3.5"]
[WhiteElo "1914"]
[BlackElo "2072"]
[WhiteClock "00:12:23"]
[BlackClock "00:10:05"]
[WhiteTeam "Sachsen"]
[BlackTeam "Hessen"]
[PlyCount "70"]
[WhiteFideId "12975974"]
[BlackFideId "12989983"]
[EventCountry "GER"]
[EventRounds "7"]
[EventType "team-swiss"]
[EventDate "2017.09.29"]

1. d4 {[%clk 1:30:57]} g6 {[%clk 1:30:33]} 2. Nf3 {[%clk 1:31:07]} Bg7 {[%clk
1:30:59]} 3. Bg5 {[%clk 1:31:09]} d6 {[%clk 1:29:52]} 4. c3 {[%clk 1:31:24]}
Nd7 {[%clk 1:29:35]} 5. Nbd2 {[%clk 1:31:06]} h6 {[%clk 1:27:19]} 6. Bh4 {[%clk
1:31:22]} g5 {[%clk 1:24:57]} 7. Bg3 {[%clk 1:31:44]} f5 {[%clk 1:24:56]} 8. e3
{[%clk 1:28:54]} Ngf6 {[%clk 1:23:26]} 9. Bd3 {[%clk 1:28:36]} e6 {[%clk
1:23:38]} 10. Qb3 {[%clk 1:24:59]} Qe7 {[%clk 1:23:41]} 11. a4 {[%clk 1:23:28]}
a5 {[%clk 1:23:15]} 12. Nc4 {[%clk 1:07:51]} b6 {[%clk 1:19:23]} 13. Qa3 {[%clk
1:04:31]} O-O {[%clk 1:13:49]} 14. Nce5 {[%clk 0:54:12]} Qe8 {[%clk 1:10:37]}
15. Nxd7 {[%clk 0:53:36]} Bxd7 {[%clk 1:10:07]} 16. Qb3 {[%clk 0:51:40]} Qf7
{[%clk 1:08:31]} 17. O-O {[%clk 0:50:31]} Bc6 {[%clk 1:04:01]} 18. Nd2 {[%clk
0:47:30]} Rae8 {[%clk 1:02:54]} 19. f3 {[%clk 0:42:15]} h5 {[%clk 0:53:11]} 20.
Bb5 {[%clk 0:38:37]} Bxb5 {[%clk 0:51:58]} 21. Qxb5 {[%clk 0:38:56]} h4 {[%clk
0:51:52]} 22. Bf2 {[%clk 0:38:27]} h3 {[%clk 0:46:49]} 23. gxh3 {[%clk
0:29:28]} Qh5 {[%clk 0:46:28]} 24. Kg2 {[%clk 0:29:16]} Kf7 {[%clk 0:44:45]}
25. Rg1 {[%clk 0:26:52]} Rh8 {[%clk 0:43:38]} 26. h4 {[%clk 0:26:29]} gxh4
{[%clk 0:42:19]} 27. Kf1 {[%clk 0:26:38]} Bh6 {[%clk 0:39:47]} 28. Ke2 {[%clk
0:26:38]} d5 {[%clk 0:32:39]} 29. Qc6 {[%clk 0:17:16]} Re7 {[%clk 0:32:39]} 30.
Kd3 {[%clk 0:16:43]} Rd8 {[%clk 0:23:10]} 31. Rae1 {[%clk 0:14:59]} Rd6 {[%clk
0:20:05]} 32. Qb5 {[%clk 0:15:09]} e5 {[%clk 0:14:45]} 33. dxe5 {[%clk
0:13:55]} Rxe5 {[%clk 0:14:59]} 34. Kc2 {[%clk 0:14:01]} c5 {[%clk 0:10:05]}
35. Qd3 {[%clk 0:12:23]} Ree6 1/2-1/2

[Event "Deutsche Ländermeisterschaft 2017"]
[Site "Hannover GER"]
[Date "2017.10.01"]
[Round "3"]
[White "Könze, Heike"]
[Black "Flach, Helene"]
[Result "1/2-1/2"]
[Termination "normal"]
[Board "3.7"]
[WhiteElo "1775"]
[BlackElo "1862"]
[WhiteClock "00:57:27"]
[BlackClock "00:10:27"]
[WhiteTeam "Sachsen"]
[BlackTeam "Hessen"]
[PlyCount "93"]
[WhiteFideId "12964476"]
[BlackFideId "12929735"]
[EventCountry "GER"]
[EventRounds "7"]
[EventType "team-swiss"]
[EventDate "2017.09.29"]

1. e4 {[%clk 1:30:56]} c5 {[%clk 1:30:50]} 2. Nf3 {[%clk 1:31:16]} e6 {[%clk
1:31:14]} 3. d4 {[%clk 1:31:38]} cxd4 {[%clk 1:31:38]} 4. Nxd4 {[%clk 1:32:01]}
a6 {[%clk 1:32:04]} 5. Bd3 {[%clk 1:32:01]} Qc7 {[%clk 1:32:00]} 6. Nc3 {[%clk
1:31:54]} Nf6 {[%clk 1:32:22]} 7. Bd2 {[%clk 1:31:31]} d6 {[%clk 1:32:34]} 8.
O-O {[%clk 1:31:27]} Nbd7 {[%clk 1:32:54]} 9. Nb3 {[%clk 1:30:34]} Be7 {[%clk
1:31:49]} 10. f4 {[%clk 1:29:28]} b5 {[%clk 1:30:28]} 11. Qf3 {[%clk 1:28:13]}
Bb7 {[%clk 1:30:12]} 12. Rae1 {[%clk 1:27:47]} O-O {[%clk 1:29:22]} 13. Qh3
{[%clk 1:27:52]} g6 {[%clk 1:18:51]} 14. Kh1 {[%clk 1:23:04]} Rfd8 {[%clk
1:16:04]} 15. f5 {[%clk 1:22:24]} e5 {[%clk 1:13:39]} 16. fxg6 {[%clk 1:22:39]}
hxg6 {[%clk 1:12:09]} 17. Bg5 {[%clk 1:18:27]} Re8 {[%clk 1:06:14]} 18. Rf3
{[%clk 1:07:15]} Nh7 {[%clk 0:58:55]} 19. Bxe7 {[%clk 1:06:36]} Rxe7 {[%clk
0:58:55]} 20. Qh6 {[%clk 1:05:51]} Ndf8 {[%clk 0:55:25]} 21. Nd5 {[%clk
1:04:15]} Bxd5 {[%clk 0:55:06]} 22. exd5 {[%clk 1:04:36]} f5 {[%clk 0:50:49]}
23. Rf2 {[%clk 0:56:42]} Rg7 {[%clk 0:45:23]} 24. c3 {[%clk 0:50:43]} Qd8
{[%clk 0:41:33]} 25. Qd2 {[%clk 0:46:34]} Nf6 {[%clk 0:37:12]} 26. h3 {[%clk
0:44:12]} Rh7 {[%clk 0:35:58]} 27. Kg1 {[%clk 0:44:30]} Nh5 {[%clk 0:32:55]}
28. Bf1 {[%clk 0:41:10]} Nd7 {[%clk 0:26:36]} 29. c4 {[%clk 0:38:44]} bxc4
{[%clk 0:22:24]} 30. Bxc4 {[%clk 0:38:58]} Nf4 {[%clk 0:22:03]} 31. Bf1 {[%clk
0:36:41]} Nf6 {[%clk 0:20:00]} 32. Rxf4 {[%clk 0:35:29]} exf4 {[%clk 0:19:29]}
33. Re6 {[%clk 0:35:02]} Rg7 {[%clk 0:16:52]} 34. Qxf4 Ne4 {[%clk 0:14:58]} 35.
Bd3 {[%clk 0:34:32]} Qb6+ {[%clk 0:05:10]} 36. Kh2 {[%clk 0:34:41]} Nc5 {[%clk
0:04:14]} 37. Nxc5 {[%clk 0:34:28]} Qxc5 {[%clk 0:04:28]} 38. Qxd6 {[%clk
0:32:52]} Qxd6+ {[%clk 0:04:12]} 39. Rxd6 {[%clk 0:33:15]} a5 {[%clk 0:04:02]}
40. b3 {[%clk 0:32:42]} Kh7 {[%clk 0:03:03]} 41. Kg3 {[%clk 0:31:44]} Raa7
{[%clk 0:02:17]} 42. Kf4 {[%clk 0:31:20]} Rgf7 {[%clk 0:19:04]} 43. Ra6 {[%clk
0:59:28]} Rxa6 {[%clk 0:17:43]} 44. Bxa6 {[%clk 0:59:11]} Ra7 {[%clk 0:11:19]}
45. Bb5 {[%clk 0:59:16]} Kg7 {[%clk 0:10:49]} 46. d6 {[%clk 0:58:08]} Kf6
{[%clk 0:10:27]} 47. a4 {[%clk 0:57:27]} 1/2-1/2